000 00821nam a2200253 i 4500
003 DO-SdBNP
005 20230707093454.0
006 a||||gr|||| 00| 0
007 ta
008 230706e2022 dr ||||| |||| 00| 0 spa d
020 _a9789945182231
040 _aDO-SdBNP
_bspa
_cBNPHU
_erda
082 4 _222
_bY65c
245 1 0 _aLos 4 mandamientos para una vida exitosa y abundante. /
_cMario Yoset
246 1 1 _aLos cuatro mandamientos para una vida exitosa y abundante
264 _aBonao, República Dominicana :
_bVizcaíno,
_c2022
300 _a131 páginas :
_c21 cm
336 _2rdaconten
_atexto
_btxt
337 _2rdamedia
_asin medición
_bn
338 _2rdacarrier
_avolumen
_bnc
500 _aIncluye datos biográficos del autor en la página 131
590 _aInventariado 2023 / MF
942 _2ddc
_cLBS1
999 _c54131
_d54131